Statistics for Black Panther Villains by Picture

Click here to take the quiz!

General Stats

  • This quiz has been taken 15 times
  • The average score is 4 of 16

Answer Stats

Answer% Correct
Killmonger
100%
Klaw
80%
Man-Ape
73%
White Wolf
40%
Coal Tiger
20%
Moses Magnum
20%
American Panther
13%
Jakarra
13%
Madam Slay
13%
Malice (Nakia)
13%
Venomm
13%
Zenzi
13%
Aardwolf
7%
Death Tiger
7%
Tetu
7%
Zanda
7%

Score Distribution

Percentile by Number Answered

Percent of People with Each Score

Your Score History

You have not taken this quiz